000 00939nam a22002897a 4500
999 _c1229
_d1229
001 004373
003 CoMeUDC004373
005 20230125111527.0
008 010828s2001 ck rl 00010 spa d
015 _ack-2001-xxxx
020 _a9589380395
035 _aAHF6136 LA
040 _ala
_cCoMeUDC
041 0 _aspa
043 _as-ck---
082 0 4 _a345
_bB748
100 _aBotero Bernal, José Fernando.
_91537
245 1 0 _aDe la manipulación genética en el nuevo código penal colombiano :
_bestudio crítico /
_cJosé Fernando Botero Bernal.
260 _a[Medellín] :
_bLibrería Jurídica Sáchez R.,
_c2001.
300 _a145 p. ;
_c22 cm.
504 _aIncluye bibliografías.
650 0 _aLegislación en ingeniería gentíca
_z Colombia.
_91538
650 _aGenes
_x Legislación
_z Colombia.
650 0 _aFertilización in vitro
_x Legislación
_z Colombia.
_91539
942 _2ddc
_cBK
949 _ac
_bc